| 000 | 00789nam a2200277Ia 4500 | ||
|---|---|---|---|
| 003 | OSt | ||
| 005 | 20221006153443.0 | ||
| 006 | a|||||r|||| 00| 0 | ||
| 007 | ta | ||
| 008 | 221006b |||||||| |||| 00| 0 chi d | ||
| 020 | _a9789867879769 | ||
| 024 | _a32,367 | ||
| 037 |
_bGift, Republic of China _cTextual |
||
| 040 |
_aEASL _cEASL _bchi |
||
| 041 |
_2chi _achi |
||
| 082 | _aQ4:45.4295, 41P5 | ||
| 100 |
_aKang Hou Chang Wen Au. _9664041 |
||
| 245 | 0 | _aTaiwan wiaoyu tujian | |
| 260 |
_aChina _bWaotou Ying Chu Ban Shi _c2005 |
||
| 300 |
_a255p. _ccm. |
||
| 490 | _v CL | ||
| 650 |
_a CL _9642733 |
||
| 650 |
_aTemple-Taiwan _9664042 |
||
| 942 |
_hQ4:45.4295, 41P5 _cTEXL _2CC |
||
| 999 |
_c1100453 _d1100453 |
||